| 000 | 00519 a2200169 4500 | ||
|---|---|---|---|
| 005 | 20250515121042.0 | ||
| 020 | _a0-536-88611-3 | ||
| 082 | _aLECT 339 HUB | ||
| 100 | _aHUBBARD, R. G. | ||
| 245 | _aMacroeconomics | ||
| 250 | _a2nd Ed. | ||
| 260 |
_aNew York, _bPearson Custom Publishing, _c2009. |
||
| 300 |
_axlvi, 608p.: ill.; chart, figure, graph, picture, table. _bGlossary & index. _c26cm. |
||
| 700 | _aO'BRIEN, A. P. | ||
| 856 |
_yAccess online book _fMacroeconomics _dwww.pearsonhighered.com |
||
| 942 |
_2ddc _cBKS |
||
| 999 |
_c2300 _d2300 |
||